NBA Players with 25 Assists in a Game - Statistics

General Stats
  • This quiz has been taken 50 times
  • The average score is 8 of 16
Answer Stats
Assists Team Year Player % Correct
28 Jazz 1991 John Stockton
95%
27 Jazz 1989 John Stockton
95%
26 Jazz 1988 John Stockton
95%
25 Pistons 1985 Isiah Thomas
80%
28 Celtics 1959 Bob Cousy
71%
25 Mavericks 1996 Jason Kidd
71%
25 Suns 1994 Kevin Johnson
68%
30 Magic 1990 Scott Skiles
61%
25 Pelicans 2017 Rajon Rondo
39%
29 Nets 1978 Kevin Porter
37%
25 Pistons 1979 Kevin Porter
37%
25 Pistons 1979 Kevin Porter
37%
28 Warriors 1963 Guy Rodgers
20%
25 Supersonics 1987 Nate McMillan
15%
25 Braves 1974 Ernie DiGregorio
10%
27 Cavaliers 1982 Geoff Huston
2%
No matching quizzes found
Score Distribution
Percent of People with Each Score
Percentile by Number Answered
Your Score History
You have not taken this quiz